书目信息 |
| 题名: |
中小学课堂教学技能训练
|
|
| 作者: | 王玉辉 主编 | |
| 分册: | 中学语文 | |
| 出版信息: | 北京 当代世界出版社 2001 |
|
| 页数: | 296页 | |
| 开本: | 20cm | |
| 丛书名: | 全国中小学教师继续教育用书 | |
| 单 册: | ||
| 中图分类: | G424.21 | |
| 科图分类: | ||
| 主题词: | 课堂教学--教学法 , 课堂教学 , 教学法 | |
| 电子资源: | ||
| ISBN: | 7-80115-434-7 | |
| 000 | 00962oam0 2200301 45 | |
| 001 | 0120066007901 | |
| 005 | 20070102162047.32 | |
| 010 | @a7-80115-434-7@dCNY9.80 | |
| 092 | @aCN | |
| 100 | @a20060810d2001 em y0chiy0120 ea | |
| 101 | 0 | @achi |
| 102 | @aCN@b110000 | |
| 105 | @ay z 000yy | |
| 200 | 1 | @a中小学课堂教学技能训练@Azhong xiao xue ke tang jiao xue ji neng xun lian@f王玉辉主编@Fwang yu hui zhu bian@i中学语文 |
| 210 | @a北京@c当代世界出版社@d2001 | |
| 215 | @a296页@d20cm | |
| 225 | 2 | @a全国中小学教师继续教育用书 |
| 320 | @a有书目 | |
| 330 | @a本书介绍了形成课堂教学技能的先行工作、课堂教学技能与训练的必备要件、课堂教学行为技能等。 | |
| 461 | 0 | @12001 @a全国中小学教师继续教育用书 |
| 517 | 1 | @a中学语文@Azhong xue yu wen |
| 606 | 0 | @a课堂教学@x教学法 |
| 606 | 0 | @a课堂教学 |
| 606 | 0 | @a教学法 |
| 690 | @aG424.21@v4 | |
| 701 | 0 | @a王玉辉@Awang yu hui@4主编 |
| 801 | 0 | @aCN@bLZJBOOK@c20070102 |
| 905 | @a10447@dG424.21@e150 | |
| 中小学课堂教学技能训练/王玉辉主编.中学语文.-北京:当代世界出版社,2001 |
| 296页;20cm.-(全国中小学教师继续教育用书) |
| ISBN 7-80115-434-7:CNY9.80 |
| 本书介绍了形成课堂教学技能的先行工作、课堂教学技能与训练的必备要件、课堂教学行为技能等。 |
| ● |
| 相关链接 |
|
|
|
|
正题名:中小学课堂教学技能训练
索取号:G424.21/150
 
预约/预借
| 序号 | 登录号 | 条形码 | 馆藏地/架位号 | 状态 | 备注 |
| 1 | 0558414 | 205584143 | 第一样本阅览室/ [索取号:G424.21/150] | 在馆 | |
| 2 | 0558415 | 205584152 | 第四借阅区/ [索取号:G424.21/150] | 在馆 | |
| 3 | 0558416 | 205584161 | 第四借阅区/ [索取号:G424.21/150] | 在馆 | |
| 4 | 0558417 | 205584170 | 密集书库/ [索取号:G424.21/150] | 在馆 | |
| 5 | 0558418 | 205584189 | 第四借阅区/ [索取号:G424.21/150] | 在馆 | |
| 6 | 0558419 | 205584198 | 第四借阅区/ [索取号:G424.21/150] | 在馆 | |
| 7 | 0558420 | 205584205 | 密集书库/ [索取号:G424.21/150] | 在馆 | |
| 8 | 0558421 | 205584214 | 第四借阅区/ [索取号:G424.21/150] | 在馆 |